000 02278nam0a22005651 4500
001 RU\NLR\A1SV\125671
005 20251203171251.9
035 _a(NLR Aleph) 010446324
090 _a9909606
_c9909606
100 _a20000410d1924 u y0rusy50 ca
101 0 _arus
102 _aRU
135 _acomo mmmapabr
200 1 _aУказатель книг для рабочих библиотек с краткими пояснениями содержания каждой книги
_fСост.: С.Анцыферов, Н.Бузиньер, Ф.Доблер, П.Кожаный, Б.Мартов, В.Невский, В.Ревзина, Л.Рейнберг, А.Рендель, Д.Розанов, Н.Херсонская и А.Харлампиев
210 _aМ.
_cВЦСПС
_d1924 (обл. 1925)
215 _a536 с.
_d20 см
300 _aНапеч. в Ленинграде
325 _aКопия доступна в Электрон. б-ке РНБ http://vivaldi.nlr.ru/bx000010595/view
620 _dМосква
620 _dСанкт-Петербург
702 1 _aАнцыферов
_bС.
702 1 _aБузиньер
_bН.
702 1 _aДоблер
_bФ.Э.
_f1890-1973
_gФрида Эдуардовна
702 1 _aКожаный
_bП.
702 1 _aМартов
_bБ.
702 1 _aНевский
_bВ.А.
_f1888-1974
_gВладимир Александрович
702 1 _aРевзина
_bВ.
702 1 _aРейнберг
_bЛ.
702 1 _aРендель
_bА.
702 1 _aРозанов
_bД.
702 1 _aХерсонская
_bН.
702 1 _aХарлампиев
_bА.
801 0 _aRU
_bNLR
_c20000410
856 0 _uhttp://vivaldi.nlr.ru/bx000010595/view
856 1 _uhttp://vivaldi.nlr.ru/bx000010595/cover
856 2 _uhttp://vivaldi.nlr.ru/bx000010595/text
899 _aРНБ
_j661/У-42
899 _aМГУ
899 _aУОНБ
899 _aКирОУНБ
899 _aРГБ
899 _aОренбургОУНБ
942 _cBOOK
980 _aNB
980 _aA1SV
980 _aA1SV
981 3 6 _a(36) Цифровой репозиторий РНБ
981 1 1 _a(11) Библиографические указатели